000
00339nam a22001577a 4500
003
SGT
020
_a
9789352704996
082
_a
615
_b
E21T
100
_a
TRIPATHI, K.D.
245
_a
ESSENTIALS OF MEDICAL PHARMACOLOGY
250
_a
8TH
260
_a
INDIA
_b
JAYPEE
_c
2021
300
_a
1122
650
_a
PHARMACOLOGY
942
_2
ddc
_c
BK
999
_c
20970
_d
20970